000 00570cam a2200205ua 4500
020 _a81-85542-61-9
_c540.00
041 _aeng
_h
082 _a028.7663
_bMAT/DI
100 _aMathew, C Kunnumkal .
245 0 0 _aDirectory of rural technologies, Part 3 /
_cMathew C Kunnumkal.
_hTextual Documents
250 _a1 /
_b.
260 _aHyderabad :
_bNational Institute of Rural Development ,
_c2002.
300 _a466 ; .
365 _a540.00
500 _a**Reference
504 _a
700 1 _aSant, Bharat R .
942 _cBK
999 _c11284
_d11284